000 00339nam a2200145Ia 4500
008 191201s2012 xx 000 0 und d
082 _a658.804
_bSUI
100 _aSUNDARAM, Anant K
245 0 _aInternational Business Environment
250 _a1st
260 _aN.Delhi
_bPHI
_c2012
300 _a347
650 _aMBA
942 _2ddc
_cBK
999 _c2889
_d2889